| 000 | 01250nkm a2200385 a 4500 | ||
|---|---|---|---|
| 003 | BLK | ||
| 005 | 20230719091801.0 | ||
| 008 | 180412b bul rap|r|||| r0| ||bulo| | ||
| 010 | _aKNG00043660000 | ||
| 020 | _a3-87038-248-1 | ||
| 040 | _aBLK | ||
| 041 |
_aDEU _cDEU |
||
| 080 |
_aХранене. Сервизи и прибори за хранене _b642 _z642 |
||
| 100 | 1 |
_aJunger, Hermann _eпърви автор _9351471 |
|
| 139 |
_aJunger, Hermann _bЮ 24 _fJ 93 H h _gЮ 27 Х х |
||
| 245 | 1 | 0 |
_aHerbei, herbei, was loffel sei... _bEin poetisches Schau- und Lesebuch mit einem Beitrag von Peter Nickl und einem Leporello von Thomas Zacharias _cHermann Junger. |
| 250 | _a2. Aufl | ||
| 257 | _aDEU | ||
| 260 |
_bAnabas _c1994 |
||
| 300 |
_a128 c _bс ил. _c27 см |
||
| 380 | _a62 | ||
| 650 | 4 |
_aДомакинство _9153651 |
|
| 653 | _aлъжици | ||
| 700 |
_aЮнгер, Херман _eпърви автор _91299 |
||
| 852 | _c6/Ю 27 | ||
| 856 | 4 |
_qpdf _u |
|
| 856 | 4 |
_qpdf _u |
|
| 942 |
_cGRA _n0 _s1 |
||
| 944 |
_aCR _c15.01.2003 _k30542 _lРусанова Ирена |
||
| 944 |
_aED _c07.10.2015 _kИрена_Линкова |
||
| 999 |
_c208558 _d208558 |
||
| 999 | _d208558 | ||
| 999 | _d208558 | ||
| 999 | _d208558 | ||
| 999 | _d208558 | ||